000
00251nam a2200109 a 4500
005
20201002040733.0
008
140226s1996 000 spa d
020
_a
8481811714
245
0
_a
Cine EspaƱol.
260
_a
[s.l.],
_c
1996.
999
_c
42711
_d
42711
040
_a
DO-SdBNP